| 000 | 01219nam a22004690a 4500 | ||
|---|---|---|---|
| 001 | UByD001379 | ||
| 003 | AR-LpoUNG | ||
| 005 | 20230420222340.0 | ||
| 008 | 230420s2018||||ag |||||||||||||||||spa d | ||
| 020 | _a9789504963493 | ||
| 040 |
_aAR-LpoUNG _bspa _cAR-LpoUNG _eaacr |
||
| 041 | _aspa | ||
| 044 | _aag | ||
| 082 | 0 | _a982.064 628mon | |
| 100 | 1 | _aRobledo, Pablo | |
| 245 | 1 | 0 |
_aMontoneros y Palestina : _bde la revolución a la dictadura |
| 250 | _a1ra. ed. | ||
| 260 |
_aBuenos Aires : _bPlaneta, _c2018. |
||
| 300 | _a600 p. | ||
| 650 | 4 | _aARGENTINA | |
| 650 | 4 | _aANALISIS HISTORICO | |
| 650 | 4 | _aANALISIS SOCIOLOGICO | |
| 650 | 4 | _aASPECTOS POLITICOS | |
| 650 | 4 | _aCAMPOS DE CONCENTRACION | |
| 650 | 4 | _aCIENCIA POLITICA | |
| 650 | 4 | _aDICTADURA | |
| 650 | 4 | _aGOBIERNO MILITAR | |
| 650 | 4 | _aHISTORIA | |
| 650 | 4 | _aHISTORIA POLITICA | |
| 650 | 4 | _aSOCIOLOGIA | |
| 650 | 4 | _aGUERRA CIVIL | |
| 650 | 4 | _aGUERRILLA | |
| 650 | 4 | _aMOVIMIENTOS SOCIALES | |
| 650 | 4 | _aREVOLUCION | |
| 650 | 4 | _aMOVIMIENTO REVOLUCIONARIO | |
| 650 | 4 | _aMOVIMIENTOS DE LIBERACION | |
| 650 | 4 | _aPALESTINA | |
| 653 | 4 | _aGUERRILLEROS | |
| 653 | 4 | _aPERONISMO | |
| 905 | _a25560 | ||
| 942 |
_cLIB _2ddc |
||
| 999 |
_c63936 _d63936 |
||